000 00425pab a2200169 454500
008 180718b2002 xxu||||| |||| 00| 0 eng d
100 _aGreenwood, John
245 _aCitizenship tests and education: embedding a concept
260 _c2002
300 _ap.505-22
362 _aJul
650 _aNationality
650 _aCivic education
700 _aRobins, Lynton
773 _aParliamentary Affairs
909 _a53208
999 _c53208
_d53208